Construyendo la clase virtual : métodos, estrategias y recursos tecnológicos para buenas prácticas docentes /

Guardado en:
Autor Principal: Ainstein, Juan Carlos
Otros Autores: Asinsten, Gabriela, Espiro, María Susana, Prieto Castillo, Daniel; pról.
Formato: Libro
Publicado: Buenos Aires : Centro de Publicaciones Educativas y Material Didáctico, 2012
Series:Biblioteca Didáctica
Materias:
Etiquetas: Agregar Etiqueta
Sin Etiquetas, Sea el primero en etiquetar este registro!
LEADER 01765nam a22003135a 4500
001 CEM.cems014093
005 20130918160004.0
008 130507s2012##################000#0#####d
003 CEMS
020 |a 9789875383357 
082 0 4 |a 371.41 
100 1 |a Ainstein, Juan Carlos 
245 1 0 |a Construyendo la clase virtual :  |b métodos, estrategias y recursos tecnológicos para buenas prácticas docentes /  |c Juan Carlos Asinsten, Gabriela Ainsten y María Susana Espiro; prólodgo de Daniel Prieto Castillo 
260 |a Buenos Aires :  |b Centro de Publicaciones Educativas y Material Didáctico,  |c 2012 
300 |a 160 p. 
490 0 |a Biblioteca Didáctica 
505 0 |a Vigenica de la clase y del educador en el territorio de lo virtual -- Aulas virtuales. CLases virtuales -- Presencialidad y virtualidad como escenarios -- Aula. Un formato que perdura -- La clase ha muerto ... ¡viva la clase! -- Construyendo la clase virtual -- Una buena clase virtual -- Algunos consejos sobre redacción de clases -- Diseño de actividades de aprendizaje -- Los foros -- Los foros y el aprendizaje grupal -- Foros de debate -- Otros tipos de foros -- Lo grupal en la virtualidad -- ¿Qué es un grupo? -- Dinámica de grupos y técnicas de grupo -- La construcción del grupo -- Técnicas grupales en la virtualidad -- El grupo en el proceso de construcción del conocimiento 
653 |a Educación 
653 |a Pedagogía 
653 |a Tecnología 
653 |a Virtualidad 
653 |a Aprendizaje 
653 |a Foros 
653 |a Dinámica de grupos 
653 |a Clase virtual 
700 1 |a Asinsten, Gabriela 
700 1 |a Espiro, María Susana 
700 1 |a Prieto Castillo, Daniel; pról. 
859 |a CEMS  |b BIB. CEMS - 11 de abril  |h 371.41  |i As43  |p 26723.13  |t Ej.1